| 000 -LEADER |
| fixed length control field |
00500cam a22001337a 4500 |
| 008 - FIXED-LENGTH DATA ELEMENTS--GENERAL INFORMATION |
| fixed length control field |
180718b- - xxu||||| |||| 00| 0 eng d |
| 082 ## - DEWEY DECIMAL CLASSIFICATION NUMBER |
| Classification number |
A44x54 Su76 67-6 |
| 100 ## - MAIN ENTRY--PERSONAL NAME |
| Personal name |
Gopalakrishnan, R. |
| 245 ## - TITLE STATEMENT |
| Title |
Supreme Court encyclopaedia, being a digest of reported and unreported judgments of the Supreme Court |
| Statement of responsibility, etc. |
by R. Gopalakrishnan |
| 260 ## - PUBLICATION, DISTRIBUTION, ETC. |
| Place of publication, distribution, etc. |
New Delhi |
| Name of publisher, distributor, etc. |
Advocate Supreme Court |
| Date of publication, distribution, etc. |
- - |
| 300 ## - PHYSICAL DESCRIPTION |
| Extent |
- - |
| 500 ## - GENERAL NOTE |
| General note |
Library has Vol.VI-1967 and Vol VII-1968 |
| 650 ## - SUBJECT ADDED ENTRY--TOPICAL TERM |
| Topical term or geographic name entry element |
Law reports, digests, etc. --India. |